Malazgirt'te bir cuma sabahı/ (Record no. 42399)
| 000 -BAŞLIK | |
|---|---|
| Sabit Uzunluktaki Kontrol Alanı | 01034nam a22003377a 4500 |
| 001 - KONTROL NUMARASI | |
| Control Dosyası | 0042567 |
| 003 - KONTROL NUMARASI KİMLİĞİ | |
| Kontrol Alanı | KOHA_MİRAKIL |
| 005 - EN SON İŞLEM TARİHİ ve ZAMANI | |
| Kontrol Alanı | 20260207003317.0 |
| 007 - FİZİKSEL TANIM SABİT ALAN - GENEL BİLGİ | |
| Sabit uzunluklu kontrol alanı | ta |
| 008 - SABİT UZUNLUKTAKİ VERİ ÖGELERİ - GENEL BİLGİ | |
| Sabit Alan | 130730b2011 tu |||gr||||#||||1|tur | |
| 020 ## - ISBN - ULUSLARARASI STANDART KİTAP NUMARASI | |
| Isbn | 9754080542 |
| 040 ## - KATALOGLAMA KAYNAĞI | |
| Özgün Kataloglama Kurumu | TR-BiSEU |
| Kataloglama Dili | tur |
| Çeviri Kurumu | TR-BiSEU |
| Açıklama Kuralları | rda |
| 041 0# - DİL KODU | |
| Metin ya da ses kaydının dil kodu | tur |
| 044 ## - YAYINLAYAN/ÜRETEN KURULUŞUN ÜLKE KODU | |
| ISO country code | tu |
| 050 ## - SINIFLAMA ve YER NUMARASI | |
| Sınıflama Numarası | PL257.Y38 |
| Yer Numarası | M35 2011 |
| 100 1# - KİŞİ ADI | |
| Yazar Adı (Kişi adı) | Bahadıroğlu, Yavuz. |
| 245 1# - ESER ADI BİLDİRİMİ | |
| Başlık | Malazgirt'te bir cuma sabahı/ |
| Sorumluluk Bildirimi | Yavuz Bahadıroğlu ; Yavuz Bahadıroğlu. |
| 250 ## - BASIM BİLDİRİMİ | |
| Basım Bildirimi | 110. Baskı |
| 264 #1 - ÜRERİM, YAYIN, DAĞITIM ve TELİF BİLDİRİMİ | |
| Yayın yeri | İstanbul : |
| Yayınlayan | Nesil |
| Yayın tarihi | 2011 |
| 300 ## - FİZİKSEL TANIMLAMA | |
| Sayfa, Cilt vb. | 220 sayfa ; |
| Boyutları | 20 cm. |
| 336 ## - İÇERİK TÜRÜ | |
| Content type term | metin |
| Content type code | txt |
| Source | rdacontent |
| 337 ## - MEDYA TÜRÜ | |
| Media type term | aracısız |
| Media type code | n |
| Source | rdamedia |
| 338 ## - TAŞIYICI TÜRÜ | |
| Carrier type term | cilt |
| Carrier type code | nc |
| Source | rdacarrier |
| 490 1# - DİZİ BİLDİRİMİ | |
| Dizi Bildirimi | Yavuz Bahadıroğlu romanları ; |
| Cilt Numarası | 1. |
| 490 1# - DİZİ BİLDİRİMİ | |
| Dizi Bildirimi | Selçuklu Fönemi dizisi ;1. |
| 490 1# - DİZİ BİLDİRİMİ | |
| Dizi Bildirimi | Sultan Alparslan Devri ; |
| Cilt Numarası | 1 |
| 830 1# - SERİ EK GİRİŞİ - TEKBİÇİM ESER ADI | |
| Tekbiçim Başlık | Yavuz Bahadıroğlu romanları ; |
| Volume number/sequential designation | 1. |
| 9 (RLIN) | 76978 |
| 830 1# - SERİ EK GİRİŞİ - TEKBİÇİM ESER ADI | |
| Tekbiçim Başlık | Selçuklu Fönemi dizisi ;1. |
| 9 (RLIN) | 79172 |
| 830 1# - SERİ EK GİRİŞİ - TEKBİÇİM ESER ADI | |
| Tekbiçim Başlık | Sultan Alparslan Devri ; |
| Volume number/sequential designation | 1 |
| 9 (RLIN) | 79173 |
| 942 ## - EK GİRİŞ ÖGELERİ (KOHA) | |
| Source of classification or shelving scheme | Library of Congress Classification |
| Koha item type | Book |
| Materyal Türü | Kalıcı Konum | Mevcut Konum | Raf Yeri | Sınıflandırma Kaynağı | Edinim Bilgisi | Ana Konular | Alt Konular | Yer Numarası | Demirbaş Numarası | Fatura Tarihi | Maliyet, Alış Fiyatı | Maliyet, Yenileme Fiyatı | Geri Çekilme Durumu | Kayıp Durumu | Hasarlı Durumu | Kredi için değil | Kayıt Tarih | Toplam Ödünçverme | Son Görülme Tarihi | Son Kontrol Tarihi | Satın Alma Notu |
|---|---|---|---|---|---|---|---|---|---|---|---|---|---|---|---|---|---|---|---|---|---|
| Book | Prof. Dr. Azmi Özcan Kütüphanesi | Prof. Dr. Azmi Özcan Kütüphanesi | Birûni Salonu | Library of Congress Classification | Satın | DİL VE EDEBİYAT | Doğu Asya, Afrika, Okyanusya Dilleri ve Edebiyatları | PL257.Y38 M35 2011 | 0042567 | 24/09/2013 | 6.44 | 6.44 | 30/07/2013 | 6 | 05/12/2024 | 05/12/2024 | 73291-73383 (92 sayfa) |
